1480 1127 1889 1063 1790 1820 1713 1660 1819 1962 1839 1372 1708 1819 1327 1205 1787 1100 1399 1552 1516 1502 1103 1821 1043 1609 1667 1874 1386 1239 1552 1520 1777 1012 1785 1365 1937 1529 1028 1962 1131 1955 1551 1172 1520 1650 1856 1409 1791 1809 1987 1876 1040 1963 1755 1141 1494 1684 1924 1983 1268 1515 1802 1757 1346 1167 1739 1255 1447 1849 1140 1088 1085 1679 1629 1452 1293 1021 1891 1688 1343 1569 1898 1861 1040 1546 1700 1816 1406 1796 1156 1933 1214 1545 1733 1341 1087 1157 1733 BCNSPRNW ULIB Ver.6.0+V

เปลี่ยนเป็นภาษาไทย

Change to English
 แสดงรายละเอียดบรรณานุกรม
  กลับหน้าหลัก

Brief Record : Get Marc (ISO 2709) : E-mail record : QR code < ปิดหน้าต่าง
LEADER : 00000nam 2200000uu 4500
001    13399128684
003     ULIB
008    020711s2565 th a 000 0 tha d
020    ^a9786168012185
060    ^aWY154 ^bศ499ก
100    ^aศิริอร สินธุ
245    ^aการพยาบาลผู้ป่วยวิกฤต หลังผ่าตัด
250    ^aพิมพ์ครั้งที่ 1
260    ^aนนทบุรี :^bสภาการพยาบาล,^c2565
300    ^a411 หน้า;^b19 ซม.
650    ^aผู้ป่วย^xการพยาบาล
650    ^aผู้ป่วยวิกฤต^xผ่าตัด
945    ^p350^l0^i010340
999    ^aประนอม เกษจรัล
รายการนี้ยังไม่มีแท็ก
คุณยังไม่ได้ล็อกอิน คุณสามารถมีกิจกรรมร่วมกับเว็บไซต์ได้ แต่ต้องล็อกอินก่อน ::
  ล็อกอิน

รายการสื่อสารสนเทศ

ลำดับที่ ประเภท เลขเรียก/บาร์โค้ด สถานที่ สถานะ
1. Book การพยาบาล
หนังสือสำรอง
สถานะ=หนังสือสำรอง
WY154 ศ499ก ฉ.1 
  Barcode: 010340
ห้องสมุดวิทยาเขตสวรรค์ประชารักษ์
►หนังสือทั่วไป
บนชั้น

รายการใกล้เคียง
    ผู้แต่ง [ศิริอร สินธุ]

    หัวเรื่อง [ผู้ป่วย การพยาบาล]

BibComment


ยังไม่เคยถูกคอมเมนท์

คอมเมนท์ทรัพยากรรายการนี้
  คอมเมนท์: การพยาบาลผู้ป่วย..


 Copyright 2026. Bcnsprnw @Library